Sports Quiz

Random Sports or World Quiz

Members of New World Order in WCW Quiz Stats

 Plays Quiz not verified by Sporcle

Challenge
Share
Tweet
Embed
Score 0/23 Timer 08:00
0 Plays Today
NWO members person % Correct
Kevin Nash
93.3%
Scott Hall
93%
Hollywood Hogan
82.2%
Sting
69.6%
Syxx
60.4%
The Giant
60%
Buff Bagwell
58.5%
Randy Savage
55.2%
Scott Norton
54.8%
Scott Norton
54.8%
Ted DiBiase
48.9%
Vincent
48.9%
NWO members person % Correct
Eric Bischoff
46.3%
Konnan
42.2%
Curt Henning
30.4%
Rick Rude
23.3%
Brian Adams
21.9%
The Disciple
20.7%
Miss Elizabeth
16.3%
Dusty Rhodes
15.9%
Big Bubba Rogers
14.4%
VK Wallstreet
13%
Masahiro Chono
11.5%

You're not logged in!

Compare scores with friends on all Sporcle quizzes.
Join for Free
OR
Log In

You Might Also Like...

Show Comments

Extras

Top Quizzes Today


Score Distribution

Your Account Isn't Verified!

In order to create a playlist on Sporcle, you need to verify the email address you used during registration. Go to your Sporcle Settings to finish the process.

Report this User

Report this user for behavior that violates our Community Guidelines.

Details: